00990nam a2200253 a 4500001001000000003000500010005001700015008004100032010001100073011001100084040000900095100002900104245018500133260004100318500006000359502007500419650003400494650003200528650003100560650003100591650001700622700002700639856007000666000111651CHAP20220329144223.0150624s2015 mx a fsm |||||||spa d a108112 a109084 cCHAP1 aUribe Ahedo, Luis Daniel10aEvaluación de tres protocolos de sincronización e inseminación artificial a tiempo fijo en ganado holsteinh[En línea]cpor Luis Daniel Uribe Ahedo y Rafael Torres Morales. aChapingo, Méx. :bEl autor,c2015. aPara ver el contenido del material haga clic en la liga aTesis (Ing. Agr. Esp. en Zootecnia) -- UACH. Departamento de Zootecnia14aEmbriologíaxGanado vacuno.14aGestaciónxDiagnóstico.14aInseminación artificial.14aSincronización del celo.14aUltrasonido.1 aTorres Morales, Rafael aFinding aiduhttp://10.13.5.2/tesis/sist111651.pdfzTeclea aquí